| 000 | 00814aab a2200217 4500 | ||
|---|---|---|---|
| 001 | 768714001 | ||
| 003 | CO-MdFUSB | ||
| 005 | 20240612153335.0 | ||
| 008 | 170519s1998 cr ||||| |||| 00| 0 spa d | ||
| 022 | _a1409-1968 | ||
| 040 |
_aCO-MdFUSB _bspa _cCO-MdFUSB _dCO-MdFUSB |
||
| 041 | _aspa | ||
| 100 | 1 |
_aValdés, Alberto Samuel _eautor |
|
| 245 | 1 | 0 |
_aSea claro en su predicación : _bprimera parte _c/ Alberto Samuel Valdés |
| 300 |
_aVolumen 16. Número 2 (1999), páginas 32-35 _c: 27 cm. |
||
| 520 | _aTodo lo que decimos debe contribuir a una sola idea principal que salga del texto bíblico que estamos estudiando. | ||
| 650 | 0 |
_aPredicación _954 |
|
| 773 | 0 |
_tApuntes Pastorales _049442 _960166 _gVolumen 16. Numero 2 (ene. - mar., 1999), páginas 32-35 _qPágina 32 |
|
| 942 | _cANA | ||
| 945 | _aJTF-925 | ||
| 999 |
_c59569 _d59569 |
||